International education in practice dimensions for national & international schools
Guardat en:
| Format: | Llibre |
|---|---|
| Idioma: | anglès |
| Publicat: |
Routledge Falmer
2002.
|
| Etiquetes: |
Afegir etiqueta
Sense etiquetes, Sigues el primer a etiquetar aquest registre!
|
MARC
| LEADER | 00000nam a22000007a 4500 | ||
|---|---|---|---|
| 008 | 211102b ||||| |||| 00| 0 eng d | ||
| 020 | |a 0749438355 | ||
| 245 | |a International education in practice |b dimensions for national & international schools |c edited by : Mary Hayden,Jeff Thompson |g xviii, 222 p. : ill. | ||
| 260 | |b Routledge Falmer |c 2002. |d Book. |h London. |i 643447 |i 643448 |l LC1090.In8 |m International schools. | ||
| 500 | |a International schools. | ||
| 942 | |a lcc |c BK |e Olagoke, M.A. |f 02/11/2021. | ||
| 952 | |0 0 |1 0 |2 lcc |4 0 |7 0 |9 3816 |a HOL |b HOL |c LP |d 2021-11-02 |o LC1090.In8 |p 2021-67547 |r 2021-11-02 00:00:00 |t 643447 |w 2021-11-02 |y BK | ||
| 952 | |0 0 |1 0 |2 lcc |4 0 |7 0 |9 3817 |a HOL |b HOL |c LP |d 2021-11-02 |o LC1090.In8 |p 2021-67548 |r 2021-11-02 00:00:00 |t 643448 |w 2021-11-02 |y BK | ||
| 999 | |c 1908 |d 1908 | ||